000 00366 a2200169 4500
001 44780
020 _a8573192879
040 _cAnchieta - Aquarius
100 _aGarcia, Lucília
240 1 0 _aSorriso do gato
_lpor
245 1 0 _aSorriso do gato
300 _a32
362 0 _a2006
440 1 _aDimensão
650 4 _aLiteratura infanto-juvenil
942 _cBK
999 _c44780
_d44780